Escoltisme per a nois / Robert Baden-Powell ; pròlegs d'Antoni Tort i Salomó Marquès
ISBN:
978-84-9766-242-0
Descripción Física:
380 p. : il. ; 20 cm
Colección:
Textos pedagògics ; 46
MARC
| LEADER | 00000nam a2200000Ia 4500 | ||
|---|---|---|---|
| 001 | 19892 | ||
| 008 | 160829s2007 xx 000 0 cat d | ||
| 020 | |a 978-84-9766-242-0 | ||
| 080 | |a S-1-148 | ||
| 100 | |a Baden-Powell of Gilwell, Robert Stephenson Smyth Baden-Powell, Baron |9 45581 | ||
| 245 | |a Escoltisme per a nois / Robert Baden-Powell ; pròlegs d'Antoni Tort i Salomó Marquès | ||
| 260 | |a Barcelona : |b Eumo Editorial, |c 2007 | ||
| 300 | |a 380 p. : |b il. ; |c 20 cm | ||
| 490 | |a Textos pedagògics ; 46 | ||
| 590 | |a Amb el suport de la Diputació de Barcelona. | ||
| 590 | |a Bibliografia | ||
| 650 | |a Escoltisme |9 45582 | ||
| 650 | |a Escoltes |x Catalunya |x Història |9 45583 | ||
| 650 | |a Baden-Powell of Gilwell, Robert Stephenson Smyth Baden-Powell, Baron |9 45581 | ||
| 700 | |a Tort, Antoni, pr. |9 45584 | ||
| 700 | |a Marquès i Sureda, Salomó, pr. |9 45585 | ||
| 901 | |a Arxiu | ||
| 942 | |n 1 | ||
| 952 | |0 0 |1 0 |4 0 |6 S1148 |7 1 |9 52682 |a Arxiu |b Arxiu |d 2016-12-01 |l 0 |o S-1-148 |p 19892 |r 2016-12-01 00:00:00 |w 2016-12-01 |y ARXIU | ||
| 999 | |c 56531 |d 56531 | ||